<?xml version="1.0" encoding="UTF-8"?>
<record
    xmlns:xsi="http://www.w3.org/2001/XMLSchema-instance"
    xsi:schemaLocation="http://www.loc.gov/MARC21/slim http://www.loc.gov/standards/marcxml/schema/MARC21slim.xsd"
    xmlns="http://www.loc.gov/MARC21/slim">

  <leader>00503nam a2200205   4500</leader>
  <controlfield tag="001">2450</controlfield>
  <datafield tag="090" ind1=" " ind2=" ">
    <subfield code="a">2450</subfield>
  </datafield>
  <datafield tag="100" ind1=" " ind2=" ">
    <subfield code="a">20160217              frey50        </subfield>
  </datafield>
  <datafield tag="101" ind1=" " ind2=" ">
    <subfield code="a">por</subfield>
  </datafield>
  <datafield tag="102" ind1=" " ind2=" ">
    <subfield code="a">PT</subfield>
  </datafield>
  <datafield tag="200" ind1=" " ind2=" ">
    <subfield code="a">Ser&#xF5;es da Beira</subfield>
    <subfield code="f">Sarah Beir&#xE3;o</subfield>
  </datafield>
  <datafield tag="205" ind1=" " ind2=" ">
    <subfield code="a">6.&#xAA; ed.</subfield>
  </datafield>
  <datafield tag="210" ind1=" " ind2=" ">
    <subfield code="a">Porto</subfield>
    <subfield code="c">Porto Editora</subfield>
    <subfield code="d">1984</subfield>
  </datafield>
  <datafield tag="215" ind1=" " ind2=" ">
    <subfield code="a">268 p. ;</subfield>
    <subfield code="d">19 cm</subfield>
  </datafield>
  <datafield tag="225" ind1=" " ind2=" ">
    <subfield code="a">Portuguesa</subfield>
    <subfield code="v">8</subfield>
  </datafield>
  <datafield tag="606" ind1=" " ind2=" ">
    <subfield code="a">Conto</subfield>
    <subfield code="z">S&#xE9;c. 20</subfield>
    <subfield code="2">Clip</subfield>
  </datafield>
  <datafield tag="675" ind1=" " ind2=" ">
    <subfield code="a">821.134.3-3 BEI</subfield>
    <subfield code="v">BN</subfield>
    <subfield code="z">por</subfield>
  </datafield>
  <datafield tag="700" ind1=" " ind2=" ">
    <subfield code="a">Beir&#xE3;o,</subfield>
    <subfield code="b">Sara,</subfield>
    <subfield code="f">1884-1974</subfield>
  </datafield>
  <datafield tag="801" ind1=" " ind2=" ">
    <subfield code="a">PT</subfield>
    <subfield code="g">RPC</subfield>
  </datafield>
  <datafield tag="990" ind1=" " ind2=" ">
    <subfield code="c">LIVROS</subfield>
  </datafield>
  <datafield tag="995" ind1=" " ind2=" ">
    <subfield code="1">0</subfield>
    <subfield code="9">4824</subfield>
    <subfield code="b">BMR</subfield>
    <subfield code="f">01936</subfield>
    <subfield code="k">821.134.3-3 BEI</subfield>
    <subfield code="o">0</subfield>
    <subfield code="r">LIVROS</subfield>
    <subfield code="1">0</subfield>
  </datafield>
  <datafield tag="995" ind1=" " ind2=" ">
    <subfield code="1">0</subfield>
    <subfield code="9">4825</subfield>
    <subfield code="b">BMR</subfield>
    <subfield code="f">011737</subfield>
    <subfield code="k">821.134.3-3 BEI</subfield>
    <subfield code="o">0</subfield>
    <subfield code="r">LIVROS</subfield>
    <subfield code="1">0</subfield>
  </datafield>
  <datafield tag="995" ind1=" " ind2=" ">
    <subfield code="1">0</subfield>
    <subfield code="9">69613</subfield>
    <subfield code="b">BMR</subfield>
    <subfield code="f">043669</subfield>
    <subfield code="k">821.134.3-2 BEI</subfield>
    <subfield code="o">0</subfield>
    <subfield code="r">LIVROS</subfield>
    <subfield code="c">BMR</subfield>
    <subfield code="s"></subfield>
  </datafield>
  <datafield tag="995" ind1=" " ind2=" ">
    <subfield code="1">0</subfield>
    <subfield code="9">69615</subfield>
    <subfield code="b">BMR</subfield>
    <subfield code="f">043670</subfield>
    <subfield code="k">821.134.3-2 BEI</subfield>
    <subfield code="o">0</subfield>
    <subfield code="r">LIVROS</subfield>
    <subfield code="c">BMR</subfield>
    <subfield code="s"></subfield>
  </datafield>
</record>
